The fall of imperial China / (Record no. 22961)

MARC details
000 -LEADER
fixed length control field 00832pam a2200277 i 4500
001 - CONTROL NUMBER
control field 1262020
003 - CONTROL NUMBER IDENTIFIER
control field OSt
005 - DATE AND TIME OF LATEST TRANSACTION
control field 20211220160805.0
008 - FIXED-LENGTH DATA ELEMENTS--GENERAL INFORMATION
fixed length control field 750204s1975 nyua b 001 0 eng
010 ## - LIBRARY OF CONGRESS CONTROL NUMBER
LC control number 74027854
020 ## - INTERNATIONAL STANDARD BOOK NUMBER
International Standard Book Number 0029336902 :
Terms of availability $10.95
040 ## - CATALOGING SOURCE
Original cataloging agency DLC
Transcribing agency HU
Modifying agency DLC
043 ## - GEOGRAPHIC AREA CODE
Geographic area code a-cc---
050 00 - LIBRARY OF CONGRESS CALL NUMBER
Classification number DS754
Item number .W13
082 00 - DEWEY DECIMAL CLASSIFICATION NUMBER
Classification number 951/.03
100 1# - MAIN ENTRY--PERSONAL NAME
Personal name Wakeman, Frederic E.
9 (RLIN) 23586
245 14 - TITLE STATEMENT
Title The fall of imperial China /
Statement of responsibility, etc. Frederic Wakeman, Jr.
260 ## - PUBLICATION, DISTRIBUTION, ETC.
Place of publication, distribution, etc. New York :
Name of publisher, distributor, etc. Free Press,
Date of publication, distribution, etc. [1975]
300 ## - PHYSICAL DESCRIPTION
Extent xi, 276 p. :
Other physical details ill. ;
Dimensions 24 cm.
490 0# - SERIES STATEMENT
Series statement The Transformation of modern China series
500 ## - GENERAL NOTE
General note Includes index.
504 ## - BIBLIOGRAPHY, ETC. NOTE
Bibliography, etc. note Bibliography: p. 257-266.
651 #0 - SUBJECT ADDED ENTRY--GEOGRAPHIC NAME
Geographic name China
General subdivision History
Chronological subdivision Qing dynasty, 1644-1912.
9 (RLIN) 12116
906 ## - LOCAL DATA ELEMENT F, LDF (RLIN)
a 7
b cbc
c orignew
d 1
e ocip
f 19
g y-gencatlg
942 ## - ADDED ENTRY ELEMENTS (KOHA)
Source of classification or shelving scheme Dewey Decimal Classification
Koha item type Books like text book referance book
Suppress in OPAC No
Holdings
Withdrawn status Lost status Source of classification or shelving scheme Damaged status Not for loan Home library Current library Shelving location Date acquired Total Checkouts Full call number Barcode Date last seen Copy number Price effective from Koha item type
    Dewey Decimal Classification     Social Library Social Library General Stacks 12/20/2021   951.03/WAK SHLIB 00012395 12/20/2021 2 12/20/2021 Books like text book referance book
    Dewey Decimal Classification     Social Library Social Library General Stacks 12/31/2021   951.03/WAK SHLIB00012467 12/31/2021 1 12/31/2021 Books like text book referance book